01389cam a22003011 45000010005000000030008000050050017000130080039000300350018000690400023000870410011001100820018001212450178001392600046003173000041003635000089004045000105004935040029005985200019006275260014006466500041006607000046007017400035007479420012007829990015007949520145008099520133009544931BD-RjUL20211208233959.0131223m1964 nyua b 001 0 eng a(BD-RjUL)4967 aDLCcDLCdDLCbeng1 aengger00a547bNEW 196410aNewer methods of preparative organic chemistry ;ctranslated and rev. from the German. Published and distributed ... with the consent of the Alien Property Custodian.nv-iii aNew York:bInterscience Publishers,c1964 av., 544 p.bdiagrs., tables.c24 cm. aVol. 1 originally appeared as a series of articles in Die Chemie, beginning in 1940. aVol. 2, edited by W. Foerst and translated by F. K. Kirchner, has imprint: New York, Academic Press. aIncludes bibliographies. aincludes index bchemistry 0aOrganic compoundsxSynthesis.9155431 aFoerst, W.q(Wilhelm),d1898-eed.9155440 aPreparative organic chemistry. 2ddccBK c4931d4931 00102ddc3V-340718NFICaRUCLbRUCLcreadingd1968-04-18eZeithlinger.g323.00l0o547 NEW 1964r2013-12-23 00:00:00tC-1w2021-12-08yBK 00102ddc3V-340708NFICaRUCLbRUCLcStackd1973-11-06eU.S. Govt.l0o547 NEW 1964r2014-01-25 00:00:00tC-2w2014-01-25yBK